| 000 | 01073nam a2200253 i 4500 | ||
|---|---|---|---|
| 003 | DO-SdBNP | ||
| 005 | 20231004090954.0 | ||
| 006 | a||||gr|||| 00| 0 | ||
| 007 | ta | ||
| 008 | 231003e1997 dr ac||| |||| 00| 0 spa d | ||
| 040 |
_aDO-SdBNP _bspa _cBNPHU _erda |
||
| 082 | 4 |
_222 _bR788n |
|
| 100 | 1 |
_aRosa y Carpio, Ramón de la, _92173 _eObispo |
|
| 245 | 1 | 0 |
_aNuestra señora de la Altagracia: _bedición pastoral. / _cRamón de la Rosa y Carpio. |
| 264 | 4 |
_aSanto Domingo : _bSusaeta, _c1997 |
|
| 300 |
_a69 páginas : _bIlustraciones, retratos ; _c23 cm. |
||
| 336 |
_2rdacontent _atexto _btxt |
||
| 337 |
_2rdamedia _asin mediación _bn |
||
| 338 |
_2rdacarrier _avolumen _bnc |
||
| 500 | _aIncluye datos biográficos del autor en la solapa de la cubierta. | ||
| 500 | _aUna presentación pastoral, con l historia, leyenda, contenido y significado de la Imagen de la Virgen de Higüey, con una explicación m de los muchos símbolos que se pueden "leer" en este lienzo de Protectora de la República Dominicana. | ||
| 590 | _aInventariado 2023 / MF | ||
| 942 |
_2ddc _cLBS1 |
||
| 999 |
_c55064 _d55064 |
||